Místo cukru turisté
Hospodárske reformy prijaté po roku 1994 naviedli Kubu na rastovú dráhu. Zmenila sa teritoriálna a komoditná štruktúra vývozu, zvýšil sa záujem zahraničných investorov a turistov. Zahranično-obchodné vzťahy Českej republiky a Kuby.
Gespeichert in:
| 1. Verfasser: | |
|---|---|
| Format: | Buchkapitel |
| Sprache: | Tschechisch |
| Schlagworte: | |
| Tags: |
Keine Tags, Fügen Sie das erste Tag hinzu!
|
MARC
| LEADER | 00000naa a2200000 4500 | ||
|---|---|---|---|
| 001 | r036642 | ||
| 005 | 20230920100202.9 | ||
| 041 | 0 | |a cze | |
| 044 | |a CZ | ||
| 245 | 1 | 0 | |a Místo cukru turisté |c Jan Hála |
| 520 | |a Hospodárske reformy prijaté po roku 1994 naviedli Kubu na rastovú dráhu. Zmenila sa teritoriálna a komoditná štruktúra vývozu, zvýšil sa záujem zahraničných investorov a turistov. Zahranično-obchodné vzťahy Českej republiky a Kuby. | ||
| 610 | 2 | 0 | |a vzťahy hospodárske medzinárodné |
| 610 | 2 | 0 | |a obchod zahraničný |
| 610 | 2 | 0 | |a reformy hospodárske |
| 610 | 2 | 0 | |a rast hospodársky |
| 610 | 2 | 0 | |a investície zahraničné |
| 610 | 2 | 0 | |a investori |
| 610 | 2 | 0 | |a štruktúra dovozu |
| 610 | 2 | 0 | |a trstina cukrová |
| 610 | 2 | 0 | |a Kuba |
| 610 | 2 | 0 | |a Česko |
| 100 | 1 | |a Hála, Jan | |